000 00344nam a2200145Ia 4500
008 150301s2015 xx 000 0 und d
082 _a612
_bC11G
100 _aGOLDBERG, STEFOHEN
245 _aCLINICAL PHYSIOLOGY MEDE RIDICULOVSLY SIPLE
250 _a2ND
260 _bJAYPEE
300 _a153
650 _aPHARMACEUTICS
942 _2ddc
_cBK
999 _c7370
_d7370